| 000 | 00442cam a2200181ua 4500 | ||
|---|---|---|---|
| 020 | _c12.50 | ||
| 041 |
_aeng _h |
||
| 082 |
_a621.8152 _bBHA/GE |
||
| 100 | _aBhatt, N P . | ||
| 245 |
_aGeometrical and machine drawing / _cN P Bhatt. _hTextual Documents |
||
| 250 |
_a1 / _b. |
||
| 260 |
_aNew Delhi : _bCharotar book stall , _c1962. |
||
| 300 | _a135 ; . | ||
| 365 | _a12.50 | ||
| 504 | _a | ||
| 942 | _cBK | ||
| 999 |
_c2082 _d2082 |
||